[Event "Baku Open 2018"]
[Site "Baku"]
[Date "2018.11.30"]
[Round "7"]
[White "Gareyev, Timur"]
[Black "Gasanov, Eldar"]
[Result "1/2-1/2"]
[WhiteElo "2584"]
[BlackElo "2502"]
[Annotator "TA"]
[PlyCount "83"]
[EventDate "2018.11.24"]
[EventType "swiss"]
[EventCountry "AZE"]
[SourceTitle "playchess.com"]
[Source "ChessBase"]
[SourceQuality "1"]

{[%evp 21,83,-20,0,-35,-45,-38,-47,-43,-52,-50,-49,-51,-42,-45,-54,-56,-21,-10,0,-20,-8,-11,-13,-14,-7,-15,0,-5,8,8,4,0,0,0,0,0,0,0,0,0,0,0,6,0,0,0,8,0,13,17,28,0,0,0,11,0,13,0,0,0,0,0,-7,-8]} 1. Nf3 d5 2. c4 d4 3. g3 c5 4. b4 cxb4 5. a3 bxa3 6. Bxa3 Nc6 7. Bg2 g6 {A09: Réti Opening: 1 Nf3 d5 2 c4} (7... e5 8. Bxf8 Kxf8 9. d3 g6 10. O-O Kg7 11. Nbd2 Nf6 12. Qb3 h6 13. Qb2 Re8 14. Ra3 Re7 15. e3 dxe3 16. fxe3 {½-½ (31) So,W (2788)-Adams,M (2715) London 2017}) 8. d3 Bg7 9. Nbd2 Nf6 10. O-O O-O 11. Nb3 Re8 {LiveBook: 7 Games} 12. Nfd2 $146 ({Predecessor:} 12. Nc5 Nd7 13. Qa4 Nxc5 14. Bxc5 {½-½ (123) Evchin,M (2248)-Zakharchenko,A (2292) Kiev 2005}) 12... Qc7 13. Nc5 Nd7 14. Qa4 Nxc5 15. Bxc5 Bd7 16. Rfb1 b6 17. Ba3 Na5 18. Qb4 Bc6 19. c5 {[%cal Rc5b6]} Bxg2 20. Kxg2 {[%cal Rc5b6]} Rab8 21. cxb6 axb6 22. Qb5 Rec8 23. Rb2 Qd8 24. Rab1 Rb7 25. Ne4 h6 26. h4 Nc6 27. Bc5 {[%cal Rc5b6]} Ne5 28. Qa6 Rcb8 29. Rxb6 Rxb6 30. Rxb6 Rxb6 31. Bxb6 Qd7 {[#] aiming for ...Qc6.} 32. Qa8+ Kh7 33. Bc5 Nc6 {And now ...f5 would win.} 34. Qa2 Kg8 (34... f5 $5 35. Nd2 $8 e5 $11) 35. f3 Be5 36. Qa4 (36. Ba3 {looks sharper.} Nd8 37. Qd2 Kh7 38. Qb4 Nc6 39. Qc4) 36... Qe6 {The position is equal.} 37. Ba3 Bg7 38. Qc2 Qd5 39. Kf2 f5 40. Nc5 Bf6 41. Qb3 Qxb3 42. Nxb3 {Accuracy: White = 52%, Black = 59%.} 1/2-1/2

[Event "Baku Open 2018"]
[Site "Baku"]
[Date "2018.11.30"]
[Round "7"]
[White "Tsydypov, Zhamsaran"]
[Black "Safarli, Eltaj"]
[Result "1/2-1/2"]
[WhiteElo "2530"]
[BlackElo "2671"]
[Annotator "TA"]
[PlyCount "31"]
[EventDate "2018.11.24"]
[EventType "swiss"]
[EventCountry "AZE"]
[SourceTitle "playchess.com"]
[Source "ChessBase"]
[SourceQuality "1"]

{[%evp 10,31,11,27,57,46,47,53,68,46,45,47,45,52,39,52,45,0,0,0,43,0,0,0]} 1. e4 {[%cal Be2e4,Be4e5][%mdl 32]} c5 2. Nf3 Nf6 3. Nc3 d5 4. Bb5+ Bd7 5. e5 Bxb5 6. Nxb5 {LiveBook: 10 Games. B29: Sicilian: 2 Nf3 Nf6 (Nimzowitsch Variation)} Qd7 $146 ({Predecessor:} 6... Nfd7 7. e6 fxe6 8. O-O Qb6 9. c4 Nc6 10. d3 d4 11. Ng5 a6 12. Na3 e5 13. Nb1 {½-½ (42) Adams,M (2744)-Grandelius,N (2644) Reykjavik 2015}) 7. Qe2 ({Reject} 7. exf6 Qxb5 8. fxg7 Bxg7 $11) 7... a6 8. Nc3 {White is slightly better.} Ng8 9. e6 $1 {[%cal Re6d7]} Qxe6 10. Qxe6 fxe6 11. Ng5 d4 12. Nxe6 {[#] Nc7+ is the strong threat.} Kf7 13. Nd8+ Ke8 14. Ne6 {Threatens to win with Nc7+.} Kf7 15. Nd8+ Ke8 16. Ne6 1/2-1/2

[Event "Baku Open 2018"]
[Site "Baku"]
[Date "2018.11.30"]
[Round "7"]
[White "Bashirli, Nail"]
[Black "Gasanov, Zaur"]
[Result "1/2-1/2"]
[WhiteElo "2331"]
[BlackElo "2195"]
[Annotator "TA"]
[PlyCount "79"]
[EventDate "2018.11.24"]
[EventType "swiss"]
[EventCountry "AZE"]
[SourceTitle "playchess.com"]
[Source "ChessBase"]
[SourceQuality "1"]

{[%evp 19,79,15,18,11,27,4,20,-49,-66,-60,-57,-72,-72,-88,-70,-75,-66,-97,-31,-28,-35,-35,-43,-65,29,-29,-19,-32,-17,-14,-8,-36,-35,-77,-66,-46,-49,-81,-30,-81,-90,-100,-89,-313,-310,-372,-370,-335,-351,-370,-228,-235,0,0,0,0,0,0,0,0,0,0]} 1. e4 c5 2. Nf3 e6 3. Nc3 a6 4. d4 cxd4 5. Nxd4 Qc7 6. Be3 Nc6 7. Qf3 {B48: Sicilian: Taimanov: 5 Nc3 Qc7 6 Be3 a6 without Be2} Nf6 8. O-O-O Nxd4 (8... d6 9. Nxc6 Qxc6 10. g4 b5 11. g5 Nd7 12. a3 Bb7 13. Qh3 Rc8 14. g6 Nf6 {0-1 (55) Durarbayli,V (2629)-Cori Tello,J (2664) Saint Louis 2018}) 9. Bxd4 e5 10. Be3 d6 {LiveBook: 18 Games} 11. Bd3 b5 12. Qg3 Be6 13. Nd5 $146 (13. Rhe1 $11) ({Predecessor:} 13. f4 b4 14. Nd5 Bxd5 15. exd5 {0-1 (50) Horvath,A (2486)-Beshukov,S (2389) Budapest 2018}) 13... Nxd5 $15 14. exd5 Bxd5 15. f4 e4 16. Rhe1 f5 17. Qh3 Qf7 18. Be2 {Threatening Bh5.} g6 (18... Bxa2 $6 19. Bd4 $14) (18... Be6 $17 19. Bd4 h5) 19. Bd4 Rg8 20. g4 Be6 ({Much weaker is} 20... Bxa2 $6 21. b3 $16) 21. Qa3 Bc4 (21... Qd7 $15 22. gxf5 Bxf5) 22. gxf5 ({Better is} 22. Bxc4 Qxc4 23. Kb1) 22... gxf5 $11 23. Bxc4 Qxc4 ({Don't play} 23... bxc4 $6 24. Bc5 $1 $14 {[%mdl 512]}) 24. Qh3 Qf7 25. Rg1 {Threatens to win with Rxg8.} (25. Qc3 $5 {[%cal Rc3c6]} Kd7 26. Kb1 $15) 25... Rg6 26. b3 Rc8 27. Rg5 Rxg5 $40 {[%mdl 128] Black is up to no good.} 28. fxg5 Kd7 (28... Be7 $17 29. Kb1 Rc7) 29. Bf6 (29. Rf1 $11 {keeps the balance.} Ke6 30. Rf4) 29... Ke6 $1 $17 30. Qe3 {[#]} Qc7 $1 {[%csl Gc8][%cal Rc7c2]} 31. c3 $2 (31. Qd2 $17 Qc6 32. Rf1) 31... Bg7 $19 32. Kb2 Bxf6 33. gxf6 {[%mdl 4096] Endgame KQR-KQR} Qc5 ({Not} 33... Kxf6 34. Rf1 $17) 34. Rd4 Qe5 35. Qh6 {[#] And now Qg7 would win.} b4 $2 {[#]} ({Black should play} 35... Rxc3 $3 $19 {[%mdl 512]} 36. f7+ {[%mdl 64] Decoy} (36. Kxc3 b4+) 36... Kxf7 37. Qxh7+ Ke6 38. Qg8+ Kd7 39. Kxc3 b4+ 40. Kc2 Qxd4 41. Qf7+ Kc6 42. Qe8+ Kd5 43. Qa8+ {[%mdl 64] Double Attack} Kc5 44. Qa7+ Kd5 45. Qa8+ Ke6 46. Qe8+ Kd5 47. Qa8+ {[%mdl 64] Double Attack}) 36. f7+ $1 $11 {[%mdl 576] Decoy. The position is equal.} Kxf7 37. Qxh7+ Kf8 38. Qh6+ {[%mdl 64] Double Attack} Ke7 39. Qh7+ Kf8 40. Qh6+ {[%mdl 64] Double Attack. Accuracy: White = 41%, Black = 52%.} 1/2-1/2

[Event "Baku Open 2018"]
[Site "Baku"]
[Date "2018.11.30"]
[Round "7"]
[White "Guliev, Logman"]
[Black "Asadli, Vugar"]
[Result "1/2-1/2"]
[WhiteElo "2312"]
[BlackElo "2471"]
[Annotator "TA"]
[PlyCount "60"]
[EventDate "2018.11.24"]
[EventType "swiss"]
[EventCountry "AZE"]
[SourceTitle "playchess.com"]
[Source "ChessBase"]
[SourceQuality "1"]

{[%evp 34,60,9,0,0,0,0,-21,-22,-77,-79,-57,-6,-35,-24,-31,0,0,0,0,31,30,40,8,10,11,13,9,63]} 1. e4 e5 2. Nf3 Nc6 3. Bb5 a6 4. Ba4 Nf6 5. O-O b5 6. Bb3 Bc5 7. c3 d6 8. d4 Bb6 9. a4 Rb8 10. Na3 O-O 11. axb5 axb5 12. Nxb5 Bg4 13. Bc2 Bxf3 {C78: Ruy Lopez: Archangelsk and Möller Defences} 14. gxf3 Nh5 15. f4 Nxf4 16. Bxf4 exf4 17. Qg4 Qf6 18. Kh1 {LiveBook: 4 Games} Ne7 {[#]} 19. b4 $146 ({Predecessor:} 19. Rg1 Ng6 20. Qf5 Qe7 21. Qg5 {½-½ (76) Ivanchuk,V (2740)-Shirov,A (2740) Leon 2008}) 19... c5 {[%cal Rc5d4]} 20. bxc5 dxc5 21. Rg1 (21. Ra4 $11 {remains equal.}) 21... cxd4 $17 22. cxd4 Ng6 (22... Bxd4 $15 23. Nxd4 Qxd4 24. Qxf4 Ng6) 23. Ra6 Rfd8 (23... Qc6 $5 24. Bd3 $8 Rfd8 $11) 24. Bd3 Qe6 25. Qxe6 fxe6 26. Bc4 Kf7 27. e5 Bxd4 28. Bxe6+ Kf8 {The position is equal.} 29. Nxd4 Rxd4 30. Ra7 {And now Rf7+ would win.} Ne7 {Accuracy: White = 52%, Black = 38%.} (30... Rb6 $11 31. Bf5 Nxe5) 1/2-1/2

[Event "Baku Open 2018"]
[Site "Baku"]
[Date "2018.11.30"]
[Round "7"]
[White "Gasimov, Parviz"]
[Black "Fier, Alexandr"]
[Result "1-0"]
[WhiteElo "2303"]
[BlackElo "2553"]
[Annotator "TA"]
[PlyCount "83"]
[EventDate "2018.11.24"]
[EventType "swiss"]
[EventCountry "AZE"]
[SourceTitle "playchess.com"]
[Source "ChessBase"]
[SourceQuality "1"]

{[%evp 26,83,-25,-19,0,-8,0,0,0,0,0,-20,8,0,16,0,0,0,0,-59,-51,-51,14,-141,-120,-128,-93,-350,-332,-333,-342,-330,-319,-322,-337,-527,-502,-381,0,0,0,0,40,39,550,209,198,205,229,136,157,150,731,713,768,733,888,875,2314,2300]} 1. e4 c5 2. Nf3 e6 3. c3 Nf6 4. e5 Nd5 5. d4 cxd4 6. cxd4 d6 7. a3 Bd7 8. Bd3 Bc6 9. O-O Nd7 10. b4 a6 11. Re1 Rc8 {B22: Sicilian: 2 c3} 12. Bg5 (12. Ng5 dxe5 13. Nxe6 fxe6 14. Qh5+ Ke7 15. dxe5 h6 16. Nc3 Nxc3 17. Bg5+ hxg5 18. Qxg5+ Nf6 19. exf6+ gxf6 20. Rxe6+ Kxe6 {0-1 (26) Arenas Vanegas,D (2490)-Topalov,V (2768) Baku 2016}) 12... Be7 13. Bxe7 Qxe7 14. Nbd2 {[%cal Bb1d2,Bd2e4,Be4d6][%mdl 32] LiveBook: 4 Games} dxe5 15. dxe5 Nf4 $146 ({Predecessor:} 15... O-O 16. Rc1 Nf4 17. Be4 Bxe4 18. Rxc8 Rxc8 19. Nxe4 {1-0 (32) Janev,E (2511)-Rizzo,G (2093) Amantea 2011}) 16. Be4 O-O 17. Bxc6 Rxc6 18. Ne4 (18. g3 $5 {[%cal Rg3f4]} Nd5 19. Nd4 $11) 18... Nb6 19. Nd4 Rc4 20. Nd6 Rc3 21. Qg4 Ng6 $1 {[%cal Rg6e5]} 22. f4 (22. Qe4 $11) 22... Nd5 23. g3 b5 (23... Rd3 $15 24. Nf3 f6) 24. Kh1 $2 ({White should try} 24. Qd1 $11) 24... Rd3 $1 $36 {[%cal Rd3d4][%mdl 2048] Black has strong initiative.} 25. Nc2 f6 {[%cal Bf7f6,Bf6e5][%mdl 32]} 26. Qe2 $2 {[%mdl 8192] [#]} (26. Rad1 $17 Rxd1 27. Qxd1) 26... Ngxf4 $1 $19 {[%mdl 512]} 27. gxf4 Nxf4 28. Qf2 fxe5 29. Ne4 Qb7 {And now ...Rc8 would win.} 30. Qc5 (30. Re3 $142 Qc6 31. Rc1) 30... Rd2 31. Qc3 Ne2 $2 (31... Rf2 $1 $19 32. Qxe5 Rxc2) 32. Qe3 $11 Rf2 33. Rad1 Rxd1 (33... Ng3+ $5 34. Qxg3 Rxd1 35. Qxf2 Qxe4+ 36. Kg1 Qg6+ 37. Kh1 Qe4+ 38. Kg1 Qg6+ 39. Kh1 Qe4+ $11) 34. Rxd1 {Hoping for Rd8+.} h6 $2 {[%mdl 8192]} (34... Rf4 $1 $14 35. Qxe2 Qxe4+ 36. Qxe4 Rxe4) 35. Re1 $2 (35. Qxf2 Qxe4+ {[%mdl 64] Double Attack} 36. Qg2 Qxc2 37. Rg1 $1 {[%mdl 576] Pin}) 35... Ng3+ $18 36. Qxg3 Rxc2 {[#]} 37. Qf3 ({But not} 37. Qxe5 $6 Qd5 $16) ({White should play} 37. Qg6 $1 $18) 37... Qc6 38. Re2 Rxe2 $2 {[#]} (38... Kh7 $16 39. Kg2 Rxe2+ 40. Qxe2 Qc1) 39. Nf6+ $1 {[%mdl 576] Discovered Attack. White is clearly winning.} gxf6 40. Qxc6 Kf7 41. Qd7+ Kg6 42. Qd3+ {[%mdl 64] Double Attack. Accuracy: White = 36%, Black = 33%.} 1-0

[Event "Baku Open 2018"]
[Site "Baku"]
[Date "2018.11.30"]
[Round "7"]
[White "Eynullayev, Altay"]
[Black "Aliyev, Ravan"]
[Result "1/2-1/2"]
[WhiteElo "2180"]
[BlackElo "2351"]
[Annotator "TA"]
[PlyCount "50"]
[EventDate "2018.11.24"]
[EventType "swiss"]
[EventCountry "AZE"]
[SourceTitle "playchess.com"]
[Source "ChessBase"]
[SourceQuality "1"]

{[%evp 18,50,43,47,47,23,47,41,47,35,36,16,20,19,23,0,0,0,0,0,0,0,27,30,33,37,35,33,32,41,34,18,49,50,99]} 1. d4 Nf6 2. c4 g6 3. Nc3 Bg7 4. e4 d6 5. Be2 O-O 6. Be3 c5 7. dxc5 {E73: King's Indian: Averbakh Variation without 6...c5} (7. d5 e6 8. Nf3 exd5 9. cxd5 Re8 10. Nd2 c4 11. O-O Na6 12. Bf3 b6 13. Re1 Nc5 14. Bxc5 bxc5 15. e5 Rxe5 16. Rxe5 dxe5 17. Nxc4 {½-½ (23) Howell,D (2687)-Jones,G (2670) Hull 2018}) 7... Qa5 8. f3 {[%cal Bf2f3,Bf3f4][%mdl 32]} dxc5 9. e5 Ne8 10. f4 $1 {LiveBook: 3 Games} Nc6 11. Nf3 Nc7 $146 ({Predecessor:} 11... Bf5 12. O-O Nc7 13. Nd5 Nxd5 14. cxd5 Nb4 {½-½ (51) Mirzoeva,E (2290)-Hess,M (2331) Prague 2018}) 12. O-O Rd8 13. Bd2 {[#] And now Nd5 would win.} Qb6 14. Qc1 Nd4 15. Nxd4 cxd4 16. Ne4 d3+ 17. c5 Qa6 18. Bf3 Nb5 19. Be3 Be6 {[#]} 20. c6 $1 $36 {[%mdl 2560] White has some pressure.} Bd5 (20... Qxc6 21. Nf6+) 21. a4 Nc7 22. cxb7 Qxb7 23. Nc5 $1 {[%csl LRb7,LRd3]} Qc8 24. Bxd5 Rxd5 25. Qc4 Qf5 {Accuracy: White = 78%, Black = 60%.} 1/2-1/2

[Event "Baku Open 2018"]
[Site "Baku"]
[Date "2018.11.30"]
[Round "7"]
[White "Bayramov, Elkhan"]
[Black "Popov, Ivan"]
[Result "0-1"]
[WhiteElo "2133"]
[BlackElo "2590"]
[Annotator "TA"]
[PlyCount "112"]
[EventDate "2018.11.24"]
[EventType "swiss"]
[EventCountry "AZE"]
[SourceTitle "playchess.com"]
[Source "ChessBase"]
[SourceQuality "1"]

{[%evp 22,112,-41,-31,-49,-150,-163,-160,-48,-56,-56,-57,-56,-60,-57,-57,-57,-57,-58,-58,-58,-58,-58,-58,-63,-64,-70,-133,0,-63,-63,-63,-63,-63,-62,-70,-77,-65,-70,-66,-37,-100,-85,-117,-102,-158,-158,-155,-150,-230,-242,-224,-229,-290,-289,-275,-253,-297,-297,-297,-297,-297,-297,-452,-363,-439,-306,-495,-500,-658,-622,-645,-609,-718,-700,-818,-804,-841,-791,-860,-866,-861,-852,-835,-822,-991,-865,-802,-681,-666,-597,-651,-523]} 1. e4 c5 2. Nf3 d6 3. d4 cxd4 4. Nxd4 Nf6 5. Nc3 a6 6. Bc4 e6 7. Bb3 Nbd7 8. Bg5 Nc5 9. O-O Be7 {B86: Sicilian Scheveningen/Najdorf: 6 Bc4, without early ...b5} 10. Qf3 (10. Re1 h6 11. Bh4 Nxb3 12. axb3 g5 13. Bg3 e5 14. Nde2 Be6 15. f3 Rc8 16. Bf2 h5 17. Ng3 {½-½ (48) Rublevsky,S (2683)-Oparin,G (2602) Moscow 2017}) 10... O-O 11. Rad1 Qc7 12. Rfe1 {LiveBook: 4 Games} b5 13. e5 (13. a3 $15) 13... Bb7 $17 14. Qg3 $146 ({Predecessor:} 14. exf6 Bxf3 15. fxe7 Bxd1 16. exf8=Q+ Rxf8 17. Rxd1 {0-1 (48) Meszaros,A (2311)-Stefan,B (2112) Eger 2004}) 14... Nfe4 (14... dxe5 $17 15. Qxe5 Bd6) 15. Nxe4 $15 Nxe4 16. Bxe7 Nxg3 17. exd6 Qb6 18. hxg3 Rfe8 $1 {[#]} 19. Nxe6 $1 {[%mdl 512]} fxe6 20. Rxe6 Qc6 {[%csl Gb7][%cal Rc6g2]} 21. f3 $1 Qd7 {And now ...Kh8 would win.} 22. Ree1+ Kh8 {...Bc6 is the strong threat.} 23. Be6 Qc6 {White must now prevent ...Qc5+.} 24. Bf7 {[#]} (24. Bh3 $15) 24... Qd7 (24... Qxc2 $2 25. Bxe8 Qc5+ 26. Kh1 $18) (24... Red8 $1 $17 {Strongly threatening ...Rd7.} 25. Bxd8 Rxd8) 25. Be6 $1 {[%cal Re6d7]} Rxe7 26. Bxd7 Rxd7 27. b3 Kg8 28. c4 bxc4 29. bxc4 Rc8 30. Rd4 Rc5 31. Rf4 (31. Rb1 $15) 31... g5 32. Re8+ Kg7 33. Rff8 ({White should play} 33. Rd4) 33... Rxd6 $17 34. Rg8+ Kh6 35. Re7 {[#]} (35. g4 $17 {might work better.}) 35... Bc8 $1 $19 36. g4 {[#]} Rg6 $1 {[%cal Rg6g8]} ({Weaker is} 36... Rxc4 37. Rf7 $15) 37. Rd8 Be6 ({Don't take} 37... Rxc4 38. Kf2 $19) 38. Kf2 {Threatening Rd1.} Rc6 (38... Bxc4 39. Rd1 $17) 39. Rf8 Bxc4 ({Don't do} 39... Rxc4 40. Rd8 $19) 40. a3 Rg7 41. Re5 Kg6 42. g3 (42. a4 $142) 42... h6 43. f4 Rf7 44. f5+ $2 (44. Rxf7 Bxf7 45. a4) 44... Kf6 {Black is clearly winning.} 45. Rfe8 Rb7 46. Re1 Rb2+ 47. Ke3 Bf7 48. Ra8 Rc3+ 49. Kd4 Rc4+ 50. Kd3 Rb3+ {[%mdl 64] Double Attack} 51. Kd2 Rd4+ 52. Kc2 Rxa3 53. Rh1 Kg7 54. f6+ Kxf6 55. Rxh6+ Kg7 56. Rb6 Rxg4 {Accuracy: White = 54%, Black = 66%.} 0-1

[Event "Baku Open 2018"]
[Site "Baku"]
[Date "2018.12.01"]
[Round "8"]
[White "Safarli, Eltaj"]
[Black "Gasanov, Eldar"]
[Result "1-0"]
[WhiteElo "2671"]
[BlackElo "2502"]
[Annotator "RC"]
[PlyCount "103"]
[EventDate "2018.11.24"]
[EventType "swiss"]
[EventCountry "AZE"]
[SourceTitle "playchess.com"]
[Source "ChessBase"]
[SourceQuality "1"]
[TimeControl "40/5400+30:1800+30"]

1. e4 {[%emt 0:00:00]} c5 {[%emt 0:00:00]} 2. Nc3 {[%emt 0:00:02]} Nc6 {[%emt 0:00:54]} 3. Bb5 {[%emt 0:00:06]} Nd4 {[%emt 0:01:10]} 4. Nf3 {[%emt 0:00:15]} Nxb5 {[%emt 0:01:20]} 5. Nxb5 {[%emt 0:00:03]} d6 {[%emt 0:02:23]} 6. d4 {[%emt 0:00:09]} Nf6 {[%emt 0:04:58]} 7. Qd3 {[%emt 0:00:40]} a6 {[%emt 0:06:13]} 8. Nc3 {[%emt 0:02:20]} cxd4 {[%emt 0:00:44]} 9. Nxd4 {[%emt 0:00:07]} e6 {[%emt 0:03:59]} 10. Bg5 {[%emt 0:01:06]} Be7 {[%emt 0:01:44]} 11. O-O-O {[%emt 0:04:21]} Qc7 {[%emt 0:05:17]} 12. f4 {[%emt 0:11:24]} h6 {[%emt 0:14:38]} 13. Bh4 {[%emt 0:06:01]} O-O {[%emt 0:06:28]} 14. Rhe1 {[%emt 0:13:47]} Rd8 {[%emt 0:07:33]} 15. g4 {[%emt 0:13:30]} Nxe4 {[%emt 0:10:12]} 16. Bxe7 {[%emt 0:04:27]} Nc5 {[%emt 0:00:49]} 17. Qg3 {[%emt 0:01:24]} Qxe7 {[%emt 0:00:18]} 18. b4 {[%emt 0:00:18]} Nd7 {[%emt 0:01:16]} 19. Nd5 {[%emt 0:00:31]} Qf8 {[%emt 0:01:54]} 20. Nc7 {[%emt 0:02:04]} Nb6 {[%emt 0:03:01]} 21. Nxa8 {[%emt 0:01:39]} Nxa8 {[%emt 0:00:05]} 22. g5 {[%emt 0:02:47]} hxg5 {[%emt 0:03:12]} 23. Qxg5 {[%emt 0:03:36]} f6 {[%emt 0:03:32]} 24. Qh4 {[%emt 0:03:23]} Nc7 {[%emt 0:03:20]} 25. Nb3 {[%emt 0:02:01]} d5 {[%emt 0:04:37]} 26. Rg1 {[%emt 0:01:38]} Ne8 {[%emt 0:01:42]} 27. a3 {[%emt 0:03:39]} Nd6 {[%emt 0:01:18]} 28. Nd4 {[%emt 0:00:08]} Re8 {[%emt 0:01:18]} 29. Rg6 {[%emt 0:03:30]} e5 {[%emt 0:00:53]} 30. fxe5 {[%emt 0:01:27]} Rxe5 {[%emt 0:00:30]} 31. Rdg1 {[%emt 0:01:21]} Ne8 {[%emt 0:02:15]} 32. Rh6 {[%emt 0:00:48]} Qe7 {[%emt 0:02:17]} 33. Rh8+ {[%emt 0:00:14]} Kf7 {[%emt 0:00:02]} 34. Qh7 {[%emt 0:03:26]} Re1+ {[%emt 0:02:54]} 35. Rxe1 {[%emt 0:01:57]} Qxe1+ {[%emt 0:00:04]} 36. Kb2 {[%emt 0:00:04]} Bd7 {[%emt 0:01:47]} 37. Qg8+ {[%emt 0:02:26]} Ke7 {[%emt 0:00:17]} 38. Qxd5 {[%emt 0:03:06]} Nd6 {[%emt 0:02:13]} 39. Qg8 {[%emt 0:01:23]} Ne8 {[%emt 0:01:24]} 40. Qf8+ {[%emt 0:00:00]} Kd8 {[%emt 0:00:00]} 41. Qxg7 {[%emt 0:07:39]} Qe5 {[%emt 0:01:55]} 42. Qg1 {[%emt 0:00:21]} f5 {[%emt 0:00:13]} 43. Rg8 {[%emt 0:11:22]} Be6 {[%emt 0:02:10]} 44. Rg2 {[%emt 0:03:25]} Nd6 {[%emt 0:03:18]} 45. Re2 {[%emt 0:00:23]} Ne4 {[%emt 0:00:13]} 46. c3 {[%emt 0:04:40]} Kc8 {[%emt 0:02:44]} 47. Qg6 {[%emt 0:03:13]} Bc4 {[%emt 0:05:12]} 48. Rg2 {[%emt 0:01:02]} Nd6 {[%emt 0:02:37]} 49. Qg7 {[%emt 0:01:17]} Qe8 {[%emt 0:01:42]} 50. Qf6 {[%emt 0:01:32]} Bd5 {[%emt 0:04:01]} 51. Re2 {[%emt 0:02:00]} Nc4+ {[%emt 0:00:35]} 52. Kc1 {[%emt 0:00:11]} 1-0

[Event "Baku Open 2018"]
[Site "Baku"]
[Date "2018.12.01"]
[Round "8"]
[White "Popov, Ivan"]
[Black "Guliev, Logman"]
[Result "1-0"]
[WhiteElo "2590"]
[BlackElo "2312"]
[Annotator "TA"]
[PlyCount "55"]
[EventDate "2018.11.24"]
[EventType "swiss"]
[EventCountry "AZE"]
[SourceTitle "playchess.com"]
[Source "ChessBase"]
[SourceQuality "1"]

{[%evp 21,55,20,24,31,276,252,261,248,293,289,283,272,277,243,283,316,303,212,588,608,604,600,703,662,796,808,802,783,800,797,786,777,918,906,29992,29993]} 1. e4 c5 2. Nf3 d6 3. d4 cxd4 4. Nxd4 Nf6 5. Nc3 a6 6. h3 e6 7. g4 d5 {B81: Sicilian Scheveningen: Keres Attack} (7... h6 8. Bg2 g5 9. Be3 Nbd7 10. Qe2 Ne5 11. O-O-O Nfd7 12. h4 Rg8 13. hxg5 hxg5 14. Kb1 b5 15. f4 gxf4 16. Bxf4 Bb7 {½-½ (56) Karjakin,S (2773)-Mamedyarov,S (2801) Saint Louis 2018}) 8. Nde2 Bb4 {[%cal Bf8b4,Bb4a5,Ba5b6][%mdl 32]} 9. a3 Ba5 10. b4 Bb6 11. exd5 Nxd5 {LiveBook: 3 Games} 12. Ne4 Qc7 $146 {[#]} (12... O-O $14) ({Predecessor:} 12... O-O 13. c4 Nf6 14. Qxd8 Bxd8 15. Bg2 Nxe4 16. Bxe4 {1-0 (42) Popovic,D (2562)-Arribas Lopez,A (2478) La Roda 2013}) 13. c4 $1 $18 {[%cal Rc4d5][%mdl 512]} Qe5 (13... Qxc4 14. Nd6+) 14. Bg2 O-O 15. Ra2 f5 {[#]} 16. gxf5 $1 Qxf5 {[%cal Rb6f2]} 17. O-O ({Worse is} 17. cxd5 Bxf2+ 18. Kf1 Be3+ 19. Ke1 Bf2+ 20. Kf1 Be3+ 21. Ke1 Bf2+ 22. Kf1 $11) 17... Nf6 {[#]} 18. Nd6 $1 {[%csl LRb7,LRf5][%cal Rd6f5]} Qh5 19. Nf4 Qh4 $2 (19... Qxd1 {is tougher.} 20. Rxd1 Nc6) 20. Nxc8 Rxc8 21. c5 Bc7 22. Nxe6 Nc6 23. Bg5 Qh5 24. Bxf6 Qxd1 25. Rxd1 gxf6 26. Rd7 Be5 27. f4 {White wants to mate with Be4.} Bc3 28. Be4 {Accuracy: White = 85%, Black = 29%.} 1-0

[Event "Baku Open 2018"]
[Site "Baku"]
[Date "2018.12.01"]
[Round "8"]
[White "Tsydypov, Zhamsaran"]
[Black "Guseinov, Gadir"]
[Result "1/2-1/2"]
[WhiteElo "2530"]
[BlackElo "2664"]
[Annotator "TA"]
[PlyCount "36"]
[EventDate "2018.11.24"]
[EventType "swiss"]
[EventCountry "AZE"]
[SourceTitle "playchess.com"]
[Source "ChessBase"]
[SourceQuality "1"]

{[%evp 21,22,38,45]} 1. d4 Nf6 2. c4 g6 3. Nc3 Bg7 4. e4 d6 5. Nf3 O-O 6. Be2 c5 7. d5 e6 8. O-O Re8 9. h3 exd5 10. exd5 Bf5 11. Bd3 {E91: King's Indian: Classical: 6 Be2, unusual replies including 6...c5 and 6...Bg4} Ne4 {LiveBook: 40 Games} {Predecessor:} 12. Nxe4 $146 Bxe4 13. Bxe4 Rxe4 14. Qc2 Re8 15. Bf4 Qc7 16. Ng5 Nd7 17. Ne4 Ne5 18. Rae1 h6 {½-½ (44) Meier,G (2644)-Smirin,I (2644) Jerusalem 2017} 1/2-1/2

[Event "Baku Open 2018"]
[Site "Baku"]
[Date "2018.12.01"]
[Round "8"]
[White "Asadli, Vugar"]
[Black "Aleksandrov, Aleksej"]
[Result "1/2-1/2"]
[WhiteElo "2471"]
[BlackElo "2599"]
[Annotator "TA"]
[PlyCount "69"]
[EventDate "2018.11.24"]
[EventType "swiss"]
[EventCountry "AZE"]
[SourceTitle "playchess.com"]
[Source "ChessBase"]
[SourceQuality "1"]

{[%evp 31,69,-7,-6,-10,-8,-18,0,0,0,0,0,0,0,-2,0,-10,0,0,8,0,13,7,16,12,45,33,47,0,0,-24,17,18,4,0,0,0,0,0,15,0]} 1. e4 e5 2. Nf3 Nc6 3. Bb5 a6 4. Ba4 Nf6 5. O-O Be7 6. Re1 b5 7. Bb3 d6 8. c3 O-O 9. h3 Nb8 10. d4 Nbd7 11. Nbd2 c5 12. Bc2 {C95: Closed Ruy Lopez: Breyer Variation with 10 d4} Re8 13. b3 {[#]} cxd4 $146 ({Predecessor:} 13... Bf8 14. Bb2 Qc7 15. dxe5 dxe5 16. c4 Bb7 17. Qe2 b4 18. Nf1 Nb8 19. Ne3 Nc6 {½-½ (31) Almasi,Z (2700)-Efimenko,Z (2647) Germany 2015}) 14. cxd4 exd4 15. Nxd4 Bb7 16. Bb2 Bf8 {LiveBook: 3 Games} 17. Nf5 g6 18. Ng3 h5 19. Nf3 Ne5 20. a4 b4 21. a5 Rc8 22. Bd3 Nxd3 23. Qxd3 Bg7 24. Bd4 d5 {[%cal Rd5e4]} 25. e5 Ne4 $1 26. Ne2 Qe7 27. Rac1 Kh7 28. Rxc8 Rxc8 29. g3 Bh6 30. Be3 Nc5 31. Bxc5 $1 {The position is equal.} Rxc5 32. Ned4 Rc3 33. Qe2 Bc8 $1 34. Kg2 Bg7 35. Qd2 {Accuracy: White = 64%, Black = 52%.} 1/2-1/2